[Event "TCh-CHN 2017"]
[Site "China CHN"]
[Date "2017.04.18"]
[Round "1.1"]
[Board "1"]
[White "Ma, Qun"]
[Black "Yu, Yangyi"]
[Result "1/2-1/2"]
[WhiteTitle "GM"]
[BlackTitle "GM"]
[WhiteElo "2638"]
[BlackElo "2751"]
[WhiteTeam "Hangzhou"]
[BlackTeam "Beijing"]
[WhiteFideId "8603154"]
[BlackFideId "8603820"]
[EventDate "2017.04.18"]

1. d4 Nf6 2. c4 e6 3. Nc3 Bb4 4. Qc2 O-O 5. a3 Bxc3+ 6. Qxc3 b6 7. Nf3 Bb7 8. e3
d5 9. b4 c5 10. dxc5 bxc5 11. Bb2 Nbd7 12. Be2 dxc4 13. Qxc4 Bd5 14. Qc3 Qb6 15.
O-O cxb4 16. Qxb4 Rfb8 17. Qxb6 Nxb6 18. Rfc1 Ne4 19. Be5 Rc8 20. Ba6 Rc5 21.
Bd4 Ra5 22. Bd3 f6 23. Bxe4 Bxe4 24. Nd2 Bg6 25. Nc4 Ra6 26. Nxb6 axb6 27. Rd1
Rxa3 28. Rxa3 Rxa3 29. Bxb6 Rd3 30. Rxd3 Bxd3 1/2-1/2

[Event "TCh-CHN 2017"]
[Site "China CHN"]
[Date "2017.04.18"]
[Round "1.1"]
[Board "2"]
[White "Bai, Jinshi"]
[Black "Wang, Yiye"]
[Result "1-0"]
[WhiteTitle "GM"]
[BlackTitle "IM"]
[WhiteElo "2556"]
[BlackElo "2435"]
[WhiteTeam "Hangzhou"]
[BlackTeam "Beijing"]
[WhiteFideId "8602280"]
[BlackFideId "8606021"]
[EventDate "2017.04.18"]

1. d4 d5 2. c4 dxc4 3. Nf3 Nf6 4. e3 e6 5. Bxc4 a6 6. O-O c5 7. Nc3 b5 8. Be2
Bb7 9. dxc5 Qxd1 10. Rxd1 Bxc5 11. Nd2 Nbd7 12. Nb3 Bb6 13. a4 b4 14. a5 Bd8 15.
Na4 Bd5 16. Nac5 Be7 17. Nxa6 Kd8 18. Rxd5 Nxd5 19. e4 Nc7 20. Nxc7 Kxc7 21.
Bf4+ e5 22. Be3 Rhb8 23. a6 Rb6 24. Bxb6+ Kxb6 25. Ra5 Ra7 26. Rb5+ Kc7 27. Ra5
Kb6 28. Rb5+ Kc7 29. Rd5 Bd6 30. Nd2 Nc5 31. Nc4 Bf8 32. Nxe5 f6 33. Nf3 Nxa6
34. Nd4 Kb6 35. Rb5+ 1-0

[Event "TCh-CHN 2017"]
[Site "China CHN"]
[Date "2017.04.18"]
[Round "1.1"]
[Board "3"]
[White "Gao, Rui"]
[Black "Li, Chao b"]
[Result "0-1"]
[WhiteTitle "GM"]
[BlackTitle "GM"]
[WhiteElo "2546"]
[BlackElo "2732"]
[WhiteTeam "Hangzhou"]
[BlackTeam "Beijing"]
[WhiteFideId "8602387"]
[BlackFideId "8604436"]
[EventDate "2017.04.18"]

1. e4 c6 2. d4 d5 3. exd5 cxd5 4. Bd3 Nc6 5. c3 Qc7 6. Ne2 e6 7. Bf4 Bd6 8. Bxd6
Qxd6 9. O-O Nge7 10. Nd2 Bd7 11. f4 f6 12. Kh1 h6 13. Qc2 Rc8 14. a3 Nf5 15. Qb3
O-O 16. Nf3 Ne3 17. Rfe1 Be8 18. Neg1 Ng4 19. Re2 Qxf4 20. h3 h5 21. hxg4 hxg4
22. Nh2 Qg3 23. Bf5 exf5 24. Qxd5+ Kh7 25. Rf1 g6 26. Qe6 Bf7 27. Qxf6 Bc4 28.
Qg5 Bxe2 29. Nxe2 Qd6 30. d5 Qe7 31. Qd2 Ne5 32. Nf4 Qh4 33. Kg1 Rh8 34. d6 Kg7
35. Ne6+ Kf6 36. Nxg4+ Nxg4 37. Qd4+ Kxe6 0-1

[Event "TCh-CHN 2017"]
[Site "China CHN"]
[Date "2017.04.18"]
[Round "1.1"]
[Board "4"]
[White "Wang, Jue"]
[Black "Zatonskih, Anna"]
[Result "1/2-1/2"]
[WhiteTitle "WGM"]
[BlackTitle "IM"]
[WhiteElo "2359"]
[BlackElo "2452"]
[WhiteTeam "Beijing"]
[BlackTeam "Hangzhou"]
[WhiteFideId "8604070"]
[BlackFideId "14101572"]
[EventDate "2017.04.18"]

1. e4 e6 2. d4 d5 3. Nc3 dxe4 4. Nxe4 Bd7 5. Nf3 Bc6 6. Bd3 Nd7 7. O-O Ngf6 8.
Ng3 Be7 9. b3 O-O 10. c4 b6 11. Bb2 Bb7 12. Qe2 c5 13. Rad1 Qc7 14. d5 exd5 15.
cxd5 Rfe8 16. Bc4 Bd6 17. Qd2 Ne5 18. Nxe5 Bxe5 19. Bxe5 Qxe5 20. Rfe1 Qd4 21.
Rxe8+ Rxe8 22. Qxd4 cxd4 23. Rxd4 Kf8 24. f3 Rd8 25. Ne4 Ne8 26. Kf2 a6 27. a4
h6 28. Ke3 f5 29. Nc3 Nd6 30. Bd3 g6 31. h4 h5 32. Ne2 Kf7 33. Nf4 Kf6 34. Rb4
Nc8 35. Rc4 Ne7 36. Rc7 Bxd5 37. Bxa6 Bxb3 38. Rb7 Bxa4 39. Rxb6+ Bc6 40. Bb5
Rd6 41. Bxc6 Rxc6 42. Rxc6+ Nxc6 43. Kd3 g5 44. Nxh5+ Kg6 45. Ng3 gxh4 46. Ne2
Kg5 47. Ke3 Ne7 48. Kd4 Ng6 49. Ke3 Ne7 50. Nf4 Nc6 51. Nd5 Nd8 52. Kd4 Nf7 53.
Ke3 Nd8 54. Nc7 Nc6 55. Ne6+ Kf6 56. Nf4 Kg5 57. Nh3+ Kf6 58. Nf4 Kg5 59. Nd5
Nd8 60. Kd3 Ne6 1/2-1/2

[Event "TCh-CHN 2017"]
[Site "China CHN"]
[Date "2017.04.18"]
[Round "1.1"]
[Board "5"]
[White "Zhao, Xue"]
[Black "Gu, Tianlu"]
[Result "1-0"]
[WhiteTitle "GM"]
[BlackTitle "WIM"]
[WhiteElo "2477"]
[BlackElo "2197"]
[WhiteTeam "Beijing"]
[BlackTeam "Hangzhou"]
[WhiteFideId "8601283"]
[BlackFideId "8603995"]
[EventDate "2017.04.18"]

1. d4 d5 2. c4 e6 3. Nf3 c6 4. e3 Nf6 5. Nbd2 Nbd7 6. b3 Bd6 7. Bb2 O-O 8. Bd3
b6 9. Ne5 Bb7 10. O-O c5 11. cxd5 Nxd5 12. Ne4 Be7 13. Nxd7 Qxd7 14. dxc5 f5 15.
Nd6 Bxd6 16. cxd6 Qxd6 17. Bc4 Qc6 18. Qf3 b5 19. Be2 Qd7 20. Qg3 Nf6 21. Rac1
Rac8 22. Rxc8 Bxc8 23. Rd1 Qe8 24. Qc7 a6 25. Bf3 Rf7 26. Qg3 h6 27. h4 Qf8 28.
Qe5 Ng4 29. Qf4 Nf6 30. Rc1 Qd8 31. Qb8 Rf8 32. Bxf6 gxf6 33. Qa7 Rf7 34. Qb8
Rf8 35. Qg3+ Kh8 36. Qg6 Qe7 37. Qxh6+ Kg8 38. Qf4 e5 39. Bd5+ Be6 40. Qf3 Rd8
41. Bxe6+ Qxe6 42. Rc6 Rd6 43. Rxd6 Qxd6 44. Qxf5 Kg7 45. h5 1-0

[Event "TCh-CHN 2017"]
[Site "China CHN"]
[Date "2017.04.18"]
[Round "1.2"]
[Board "1"]
[White "Zhou, Jianchao"]
[Black "Zeng, Chongsheng"]
[Result "1-0"]
[WhiteTitle "GM"]
[BlackTitle "GM"]
[WhiteElo "2597"]
[BlackElo "2547"]
[WhiteTeam "Shanghai"]
[BlackTeam "Chongqing"]
[WhiteFideId "8603537"]
[BlackFideId "8603847"]
[EventDate "2017.04.18"]

1. c4 Nf6 2. g3 g6 3. Bg2 Bg7 4. Nc3 O-O 5. d4 d6 6. Nf3 Nc6 7. d5 Na5 8. Nd2 c5
9. O-O a6 10. Qc2 Rb8 11. b3 b5 12. Bb2 e5 13. Rae1 Nh5 14. e4 Bh6 15. Ncb1 f5
16. Bc3 b4 17. Bb2 f4 18. Nf3 Qe7 19. Qe2 Bd7 20. Bc1 Qg7 21. Nh4 Qf7 22. Bf3
Bh3 23. Bg2 Bd7 24. Bf3 Ng7 25. Nd2 Bh3 26. Bg2 Bxg2 27. Kxg2 g5 28. Nf5 Nxf5
29. exf5 Qxf5 30. Qh5 Kg7 31. Ne4 Nb7 32. f3 Qg6 33. Qh3 Qf5 34. Qh5 Qg6 35. Qg4
Rf5 36. Rg1 Rbf8 37. Kh1 fxg3 38. Rxg3 Kh8 39. Bxg5 Bxg5 40. Nxg5 Nd8 41. Ne4
Qxg4 42. fxg4 Rf1+ 43. Rxf1 Rxf1+ 44. Rg1 Rxg1+ 45. Kxg1 Nf7 46. Kf2 Kg7 47. Kg3
Kg6 48. Kh4 Kh6 49. g5+ Kg6 50. Kg4 h6 51. h4 h5+ 52. Kf3 a5 53. Ng3 Nd8 54. Ke3
Nb7 55. Ke4 Nd8 56. Nf5 Nb7 57. Nxd6 Nxd6+ 58. Kxe5 Nxc4+ 59. bxc4 a4 60. d6 b3
61. axb3 a3 62. d7 a2 63. d8=Q a1=Q+ 64. Kd6 Qd1+ 65. Kc7 Qd4 66. Qf6+ Kh7 67.
Qf7+ Kh8 68. Qxh5+ Kg7 69. Qh6+ Kg8 70. Qg6+ Kh8 71. Qf6+ Kg8 72. h5 1-0

[Event "TCh-CHN 2017"]
[Site "China CHN"]
[Date "2017.04.18"]
[Round "1.2"]
[Board "2"]
[White "Ni, Hua"]
[Black "Wang, Chen"]
[Result "1/2-1/2"]
[WhiteTitle "GM"]
[BlackTitle "IM"]
[WhiteElo "2671"]
[BlackElo "2495"]
[WhiteTeam "Shanghai"]
[BlackTeam "Chongqing"]
[WhiteFideId "8601160"]
[BlackFideId "8601020"]
[EventDate "2017.04.18"]

1. d4 d5 2. c4 e6 3. Nf3 Nf6 4. g3 g6 5. Bg2 Bg7 6. O-O O-O 7. Qc2 Ne4 8. Rd1 c6
9. Nc3 f5 10. Bf4 Nd7 11. Rac1 Qe7 12. a3 g5 13. Be5 Bh6 14. e3 g4 15. Ne1 Nxe5
16. dxe5 Bg7 17. Nd3 dxc4 18. Nxe4 cxd3 19. Qc5 Qxc5 20. Nxc5 Bxe5 21. Rxd3 Bxb2
22. Rb1 Bf6 23. Nxb7 Rb8 24. Rdb3 Rxb7 25. Rxb7 Bxb7 26. Rxb7 Rf7 27. Rb8+ Rf8
28. Rb1 Rf7 29. Bf1 Rd7 30. Bc4 Kf7 31. Kg2 Be5 32. h3 h5 33. a4 Ke7 34. hxg4
hxg4 35. Rh1 Bf6 36. a5 Kd6 37. a6 Bd8 38. Rh6 Re7 39. Kf1 Bb6 40. Ke2 Ke5 41.
Bb3 Ba5 42. Rg6 Bb4 43. Bc4 Ba5 44. Rh6 Bb4 45. Bd3 Kd5 46. Rh8 Bc5 47. Rd8+ Ke5
48. Bc4 Bb6 49. Rc8 Kd6 50. Bb3 Rc7 51. Rh8 Re7 52. Rh5 Ke5 53. Rh6 Bc5 54. Rh1
Bb6 55. Rc1 Rc7 56. Rd1 Rh7 57. Ba4 Rc7 58. Rc1 Rc8 59. Bb3 Rc7 60. Rh1 Rd7 61.
Rh6 Re7 62. Kd3 Rd7+ 63. Kc2 Re7 64. Kd3 Rd7+ 65. Ke2 Re7 66. Kf1 Bc5 67. Rh8
Bb6 68. Rb8 Kd6 69. Kg2 Rd7 70. Kf1 Rh7 71. Ke2 Rd7 72. Rf8 Bc5 73. Re8 Re7 74.
Rc8 Bb6 75. Rf8 Ke5 76. Ba4 Kd6 77. Bc2 Rh7 78. Bb3 Bc5 79. Bc4 Bb6 80. Rf6 Re7
81. Rh6 Ke5 82. Bd3 Rd7 83. Rh5 Kf6 84. Bc4 Re7 85. Bb3 Ke5 86. Bc2 Rd7 87. e4
Rf7 88. f4+ gxf3+ 89. Kxf3 Kf6 90. exf5 exf5 91. Bxf5 Kg7 92. g4 Bd8 93. Rh7+
Kg8 94. Rh6 Rf6 95. Rh1 Rd6 96. Rh7 Bb6 97. Rb7 c5 98. Ke4 c4 99. Ke5 Rc6 100.
Be4 Rc7 101. Kd6 Rc5 102. Bd5+ Kf8 103. Rf7+ Ke8 104. Rf4 Bc7+ 105. Kxc5 Bxf4 1/2-1/2

[Event "TCh-CHN 2017"]
[Site "China CHN"]
[Date "2017.04.18"]
[Round "1.2"]
[Board "3"]
[White "Kryvoruchko, Yuriy"]
[Black "Zhou, Weiqi"]
[Result "1/2-1/2"]
[WhiteTitle "GM"]
[BlackTitle "GM"]
[WhiteElo "2689"]
[BlackElo "2613"]
[WhiteTeam "Shanghai"]
[BlackTeam "Chongqing"]
[WhiteFideId "14109182"]
[BlackFideId "8601674"]
[EventDate "2017.04.18"]

1. e4 c5 2. Nf3 d6 3. Bb5+ Bd7 4. Bxd7+ Qxd7 5. c4 Nf6 6. Nc3 g6 7. d4 cxd4 8.
Nxd4 Bg7 9. f3 Qc7 10. b3 Qa5 11. Bd2 Nc6 12. Nde2 O-O 13. O-O a6 14. Nd5 Qa3
15. Bc3 b5 16. Nxf6+ Bxf6 17. Bxf6 exf6 18. cxb5 axb5 19. Nf4 Ne7 20. Qd4 f5 21.
Rfd1 fxe4 22. fxe4 Qc5 23. Qxc5 dxc5 24. Rac1 Rfc8 25. Rd7 Kf8 26. Rb7 Rxa2 27.
Rxb5 Rd8 28. Rbxc5 Rdd2 29. h4 h6 30. R1c3 f6 31. Rd3 g5 32. Rxd2 Rxd2 33. hxg5
fxg5 34. Nh5 Ng6 35. Rc6 Nh4 36. Rf6+ Ke7 37. g3 Rg2+ 38. Kf1 Rxg3 39. Nxg3 Kxf6
40. b4 Ke5 41. b5 Kd6 42. Nf5+ Kc5 43. Nxh4 gxh4 44. Kg2 Kxb5 45. Kh3 Kc5 46.
Kxh4 Kd4 47. Kh5 Kxe4 48. Kxh6 Ke5 1/2-1/2

[Event "TCh-CHN 2017"]
[Site "China CHN"]
[Date "2017.04.18"]
[Round "1.2"]
[Board "4"]
[White "Lei, Tingjie"]
[Black "Ju, Wenjun"]
[Result "1-0"]
[WhiteTitle "GM"]
[BlackTitle "GM"]
[WhiteElo "2528"]
[BlackElo "2567"]
[WhiteTeam "Chongqing"]
[BlackTeam "Shanghai"]
[WhiteFideId "8605114"]
[BlackFideId "8603006"]
[EventDate "2017.04.18"]

1. e4 e6 2. d4 d5 3. Nc3 Nf6 4. e5 Nfd7 5. f4 c5 6. Nf3 Nc6 7. Be3 a6 8. Qd2 Be7
9. dxc5 Nxc5 10. h4 Qa5 11. O-O-O b5 12. Bxc5 Bxc5 13. Kb1 Qb6 14. Ne2 b4 15.
Ned4 Nxd4 16. Nxd4 O-O 17. h5 a5 18. g4 a4 19. Rh3 f6 20. exf6 Rxf6 21. Bg2 Bb7
22. f5 e5 23. Ne6 e4 24. h6 g6 25. Nf4 d4 26. Qe2 Kh8 27. Bxe4 Re8 28. Ne6 Rexe6
29. fxe6 Qxe6 30. Bf3 Qxe2 31. Bxe2 Rf2 32. Re1 a3 33. Bc4 axb2 34. Kxb2 Rf8 35.
Rh2 Bc8 36. Rhe2 Bxg4 37. Re8 Bd7 38. R8e5 Bb6 39. Re7 Ba4 40. Rf7 Bc5 41. Rc7
Bb6 42. Rb7 Bc5 43. Bd5 Bd6 44. Re6 Bc5 45. Bc6 d3 46. Bxa4 Bd4+ 47. Kc1 1-0

[Event "TCh-CHN 2017"]
[Site "China CHN"]
[Date "2017.04.18"]
[Round "1.2"]
[Board "5"]
[White "Tan, Zhongyi"]
[Black "Ni, Shiqun"]
[Result "1-0"]
[WhiteTitle "GM"]
[BlackTitle "WGM"]
[WhiteElo "2517"]
[BlackElo "2441"]
[WhiteTeam "Chongqing"]
[BlackTeam "Shanghai"]
[WhiteFideId "8603642"]
[BlackFideId "8608466"]
[EventDate "2017.04.18"]

1. c4 e5 2. Nc3 Nf6 3. g3 Bb4 4. Bg2 O-O 5. Qb3 Bxc3 6. Qxc3 Re8 7. d3 Nc6 8. e4
Nd4 9. Nf3 Nxf3+ 10. Bxf3 c6 11. O-O d5 12. exd5 cxd5 13. Bg5 Bh3 14. Rfe1 d4
15. Qd2 Rb8 16. Bd5 h6 17. Bxf6 Qxf6 18. f4 exf4 19. Qxf4 Qxf4 20. gxf4 Bf5 21.
Rad1 b6 22. Be4 Bg4 23. Rc1 Kf8 24. Kf2 g5 25. Kg3 Bd7 26. h4 gxh4+ 27. Kxh4 Kg7
28. Kg3 f5 29. Bd5 Kf6 30. Kf2 Rxe1 31. Rxe1 Re8 32. Rh1 Kg6 33. Rg1+ Kf6 34. b4
Be6 35. Bxe6 Rxe6 36. Re1 Rd6 37. Re8 Rd7 38. a4 Kg6 39. Re6+ Kg7 40. Kg3 h5 41.
Kh4 Kf7 42. Rh6 Kg7 43. Kxh5 Re7 44. Rd6 Re3 45. Rxd4 Kf6 46. Rd6+ Ke7 47. c5 a5
48. Rxb6 axb4 49. Kg5 Rxd3 50. Rxb4 Rd5 51. Rb5 Ke6 52. c6 Rd1 53. Rc5 Rg1+ 54.
Kh4 Rh1+ 55. Kg3 Rh8 56. c7 Rc8 57. a5 Kd6 58. Rc2 Kd5 1-0

[Event "TCh-CHN 2017"]
[Site "China CHN"]
[Date "2017.04.18"]
[Round "1.3"]
[Board "1"]
[White "Wei, Yi"]
[Black "Wang, Hao"]
[Result "1-0"]
[WhiteTitle "GM"]
[BlackTitle "GM"]
[WhiteElo "2743"]
[BlackElo "2709"]
[WhiteTeam "Jiangsu"]
[BlackTeam "Shenzhen"]
[WhiteFideId "8603405"]
[BlackFideId "8602883"]
[EventDate "2017.04.18"]

1. e4 c6 2. d4 d5 3. Nd2 dxe4 4. Nxe4 Bf5 5. Ng3 Bg6 6. h4 h6 7. Nf3 e6 8. h5
Bh7 9. Bd3 Bxd3 10. Qxd3 Nf6 11. Bd2 c5 12. Ne4 Nc6 13. Bc3 cxd4 14. Nxd4 Nb4
15. Nxf6+ gxf6 16. Bxb4 Bxb4+ 17. c3 Be7 18. O-O-O Qb6 19. Qb5+ Kf8 20. Qe2 Rd8
21. Kb1 Rg8 22. g4 Bc5 23. Rd3 Bxd4 24. Rhd1 Qb5 25. Qf3 f5 26. gxf5 Qxf5 27.
Qxf5 exf5 28. Rxd4 Rxd4 29. Rxd4 Ke7 30. Ra4 a6 31. Rb4 b5 32. a4 Rg1+ 33. Kc2
bxa4 34. Rxa4 Rg2 35. Kd3 Rxf2 36. b4 f4 37. Rxa6 f3 38. Ra1 Rb2 39. Re1+ Kd6
40. Rf1 f2 41. Ke3 Rc2 42. Kd3 Rb2 43. Ke3 Rc2 44. Rxf2 Rxc3+ 45. Kd4 Rh3 46.
Rf6+ Ke7 47. Rxh6 Kf8 48. b5 Kg7 49. Rd6 Rxh5 50. b6 f6 51. Kc4 Rh8 52. b7 Kg6
53. Rb6 Rb8 54. Kd5 Kf5 55. Rb4 Rd8+ 1-0

[Event "TCh-CHN 2017"]
[Site "China CHN"]
[Date "2017.04.18"]
[Round "1.3"]
[Board "2"]
[White "Lin, Chen"]
[Black "Sethuraman, S.P."]
[Result "1/2-1/2"]
[WhiteTitle "GM"]
[BlackTitle "GM"]
[WhiteElo "2477"]
[BlackElo "2646"]
[WhiteTeam "Jiangsu"]
[BlackTeam "Shenzhen"]
[WhiteFideId "8602298"]
[BlackFideId "5021596"]
[EventDate "2017.04.18"]

1. e4 e5 2. Nf3 Nc6 3. Nc3 Nf6 4. d4 exd4 5. Nxd4 Bb4 6. Nxc6 bxc6 7. Bd3 O-O 8.
O-O d5 9. exd5 cxd5 10. h3 Re8 11. Qf3 c6 12. Bf4 Bd6 13. Rfe1 Be6 14. Rad1 Rb8
15. b3 Qc7 16. Ne2 Bxf4 17. Nxf4 Qa5 18. a4 Bd7 19. Kf1 h6 20. Nh5 Nxh5 21. Qxh5
Qc7 22. g3 Qa5 23. Bf5 Bxf5 24. Qxf5 Qc3 25. Rxe8+ Rxe8 26. Qd3 Qe5 27. c4 Qe6
28. Kg2 dxc4 29. Qxc4 Qxc4 30. bxc4 Re4 31. Rd8+ 1/2-1/2

[Event "TCh-CHN 2017"]
[Site "China CHN"]
[Date "2017.04.18"]
[Round "1.3"]
[Board "3"]
[White "Yu, Ruiyuan"]
[Black "Liu, Qingnan"]
[Result "0-1"]
[WhiteTitle "GM"]
[BlackTitle "GM"]
[WhiteElo "2499"]
[BlackElo "2522"]
[WhiteTeam "Jiangsu"]
[BlackTeam "Shenzhen"]
[WhiteFideId "8603090"]
[BlackFideId "8603294"]
[EventDate "2017.04.18"]

1. e4 c5 2. Nf3 Nc6 3. d4 cxd4 4. Nxd4 g6 5. c4 Bg7 6. Be3 Nf6 7. Nc3 d6 8. Be2
O-O 9. O-O Bd7 10. Qd2 Nxd4 11. Bxd4 Bc6 12. f3 Nd7 13. Be3 a5 14. b3 Nc5 15.
Rac1 Be5 16. Rfd1 e6 17. Bd4 Qb6 18. Bxe5 Nd3+ 0-1

[Event "TCh-CHN 2017"]
[Site "China CHN"]
[Date "2017.04.18"]
[Round "1.4"]
[Board "1"]
[White "Wan, Yunguo"]
[Black "Fang, Yuxiang"]
[Result "1-0"]
[WhiteTitle "GM"]
[BlackTitle "GM"]
[WhiteElo "2486"]
[BlackElo "2497"]
[WhiteTeam "Hebei"]
[BlackTeam "Qingdao"]
[WhiteFideId "8603189"]
[BlackFideId "8605840"]
[EventDate "2017.04.18"]

1. e4 e5 2. Nf3 Nc6 3. Bb5 Nf6 4. d3 Bc5 5. Bxc6 dxc6 6. h3 O-O 7. Be3 Bxe3 8.
fxe3 Qd6 9. Nc3 c5 10. O-O Be6 11. b3 Nd7 12. Nh4 c6 13. Nf5 Bxf5 14. exf5 Nf6
15. Qf3 Rfe8 16. Rad1 Rad8 17. Ne4 Nxe4 18. Qxe4 Qd5 19. Qg4 f6 20. c4 Qf7 21.
Qe4 Rd6 22. g4 Qd7 23. Kf2 b5 24. h4 Qf7 25. Ke2 a5 26. Rc1 a4 27. cxb5 axb3 28.
Rxc5 cxb5 29. Rxb5 bxa2 30. Rb7 Qd5 31. Qxd5+ Rxd5 32. Ra7 Red8 33. Rd1 e4 34.
d4 h5 35. Rg1 Rb8 36. Rxa2 Rdb5 37. gxh5 Rxf5 38. h6 g5 39. Rg4 Kh7 40. Rxe4
Kxh6 41. Ra7 Rb2+ 42. Kd3 Rf3 43. hxg5+ Kxg5 44. Ra3 f5 45. Re5 Kg4 46. d5 f4
47. Re4 Kf5 48. Rxf4+ Rxf4 49. exf4 Rb4 50. Ra8 Kxf4 51. Kc3 Rb1 52. Re8 Kf5 53.
Kd4 Kf6 54. Kc5 Kf7 55. Re2 Rb8 56. d6 Rc8+ 57. Kb6 Rd8 58. Kc7 Ra8 59. d7 Ra7+
60. Kc8 Ra8+ 61. Kb7 1-0

[Event "TCh-CHN 2017"]
[Site "China CHN"]
[Date "2017.04.18"]
[Round "1.4"]
[Board "2"]
[White "Zhang, Ziji"]
[Black "Ma, Zhonghan"]
[Result "1/2-1/2"]
[BlackTitle "IM"]
[WhiteElo "2355"]
[BlackElo "2471"]
[WhiteTeam "Hebei"]
[BlackTeam "Qingdao"]
[WhiteFideId "8609470"]
[BlackFideId "8607206"]
[EventDate "2017.04.18"]

1. d4 Nf6 2. c4 e6 3. Nc3 Bb4 4. Nf3 b6 5. e3 O-O 6. Bd3 d5 7. O-O Bb7 8. cxd5
exd5 9. a3 Bd6 10. b4 Nbd7 11. Qb3 c6 12. Re1 a5 13. bxa5 Rxa5 14. a4 Re8 15.
Ba3 Bxa3 16. Rxa3 Ne4 17. Rb1 Ba6 18. Bxa6 Rxa6 19. Nxe4 dxe4 20. Nd2 Qe7 21.
Ra2 Qe6 22. Qxe6 Rxe6 23. Rba1 c5 24. dxc5 Nxc5 25. a5 g6 26. h3 bxa5 27. Rxa5
f5 28. Rxa6 Rxa6 29. Rxa6 Nxa6 30. g4 Kf7 1/2-1/2

[Event "TCh-CHN 2017"]
[Site "China CHN"]
[Date "2017.04.18"]
[Round "1.4"]
[Board "3"]
[White "Peng, Xiongjian"]
[Black "Wang, Tongsen"]
[Result "0-1"]
[WhiteElo "2410"]
[BlackElo "2395"]
[WhiteTeam "Hebei"]
[BlackTeam "Qingdao"]
[WhiteFideId "8610550"]
[BlackFideId "8608067"]
[EventDate "2017.04.18"]

1. c4 c6 2. Nf3 d5 3. e3 Nf6 4. b3 Bf5 5. Bb2 e6 6. Be2 h6 7. O-O Nbd7 8. d4 Bd6
9. Nc3 O-O 10. Bd3 Bxd3 11. Qxd3 Qe7 12. Rad1 Rad8 13. e4 dxc4 14. bxc4 e5 15.
d5 Bb4 16. Qc2 Rc8 17. dxc6 bxc6 18. Na4 Rfe8 19. Rb1 Rb8 20. Rfd1 Qe6 21. h3
Bf8 22. Ba1 Nh5 23. Nb2 Nc5 24. Nd3 Nxd3 25. Qxd3 Nf4 26. Qe3 Rxb1 27. Rxb1 Qxc4
28. Nxe5 Qxa2 29. Rf1 Ne2+ 30. Kh1 c5 31. Re1 Nd4 32. Bxd4 cxd4 33. Qxd4 Qa5 34.
Nf3 Bc5 35. Qb2 Bb6 36. Kg1 Qc5 37. Nh4 Bc7 38. Nf3 a5 39. Rc1 Qa7 40. Nd4 Rb8
41. Qc2 Qxd4 42. Qxc7 Ra8 43. Qb7 Rd8 44. Rc8 g6 45. Rxd8+ Qxd8 46. Qb5 Qd1+ 47.
Kh2 a4 48. Qe8+ Kg7 49. Qe5+ Kh7 50. Qe7 Qb3 51. e5 Qe6 52. Qc5 Kg8 53. f4 Qa6
54. Qe7 Qc4 55. Kg3 Qe6 56. Qa7 Qb3+ 57. Kh2 Qb4 58. Kg3 a3 59. Qa8+ Kg7 60. Qd5
Qc3+ 61. Kh2 Qe3 62. Qc4 Qa7 63. f5 a2 64. f6+ Kh7 65. e6 a1=Q 66. e7 Qe5+ 0-1

[Event "TCh-CHN 2017"]
[Site "China CHN"]
[Date "2017.04.18"]
[Round "1.4"]
[Board "4"]
[White "Gong, Qianyun"]
[Black "Zhai, Mo"]
[Result "0-1"]
[WhiteTitle "WIM"]
[BlackTitle "WGM"]
[WhiteElo "2280"]
[BlackElo "2302"]
[WhiteTeam "Qingdao"]
[BlackTeam "Hebei"]
[WhiteFideId "8602425"]
[BlackFideId "8600201"]
[EventDate "2017.04.18"]

1. e4 e5 2. Nf3 Nc6 3. Nc3 Nf6 4. h3 Bb4 5. Bd3 d6 6. a3 Bxc3 7. dxc3 Be6 8. c4
h6 9. Be3 Nd7 10. b4 Qe7 11. c3 a6 12. Qe2 Na7 13. a4 a5 14. O-O O-O 15. Rfb1
Nc6 16. Nd2 Rfc8 17. Nf1 Qe8 18. Ng3 b6 19. Qf3 Ne7 20. Nf5 Bxf5 21. exf5 Nf6
22. Be4 Nxe4 23. Qxe4 Qc6 24. f3 Qxe4 25. fxe4 Kf8 26. f6 Ng8 27. fxg7+ Kxg7 28.
Rf1 Nf6 29. Bxh6+ Kg6 30. Rae1 axb4 31. cxb4 Rxa4 32. Bd2 Ra3 33. Rf3 Rca8 34.
Bc3 Nh5 35. Ref1 Rb3 36. c5 Raa3 37. cxb6 cxb6 38. Bd2 Rxf3 39. Rxf3 Rxf3 40.
gxf3 b5 41. Kf2 f5 42. h4 f4 43. Kg2 Ng3 44. Be1 Ne2 45. Bf2 Nd4 46. Kh3 Kh5 47.
Bg1 Nxf3 48. Bb6 Nd2 0-1

[Event "TCh-CHN 2017"]
[Site "China CHN"]
[Date "2017.04.18"]
[Round "1.4"]
[Board "5"]
[White "Sun, Fanghui"]
[Black "Wang, Doudou"]
[Result "1/2-1/2"]
[BlackTitle "WIM"]
[WhiteElo "2126"]
[BlackElo "2191"]
[WhiteTeam "Qingdao"]
[BlackTeam "Hebei"]
[WhiteFideId "8604150"]
[BlackFideId "8603197"]
[EventDate "2017.04.18"]

1. e4 d5 2. exd5 Qxd5 3. Nc3 Qd6 4. d4 c6 5. Nf3 Nf6 6. g3 Bg4 7. Bg2 e6 8. O-O
Be7 9. Bf4 Qd8 10. h3 Bh5 11. Re1 Nbd7 12. Qe2 O-O 13. g4 Bg6 14. Ne5 Nxe5 15.
dxe5 Nd5 16. Nxd5 cxd5 17. c4 dxc4 18. Qxc4 Qb6 19. Be3 Qxb2 20. Qb3 Ba3 21.
Rad1 Qxb3 22. axb3 Bb4 23. Re2 Rad8 24. Rxd8 Rxd8 25. Bxa7 Bd3 26. Ra2 Ba6 27.
Rc2 h6 28. Bb6 Rd1+ 29. Kh2 Bd2 30. Rc8+ Kh7 31. Be4+ g6 32. Kg3 Re1 33. Bd8 Bg5
34. f3 Kg7 35. Bxg5 hxg5 36. Rc7 Re3 37. b4 Re1 38. Rc5 b6 39. Rc7 Re2 40. Ra7
Bc4 41. Bc6 Rxe5 42. Be8 Re3 43. Rxf7+ Kg8 44. Rf6 Bd5 45. h4 gxh4+ 46. Kxh4
Rxf3 47. Rxf3 Bxf3 48. Bxg6 Kg7 49. Be8 1/2-1/2

[Event "TCh-CHN 2017"]
[Site "China CHN"]
[Date "2017.04.18"]
[Round "1.5"]
[Board "1"]
[White "Bu, Xiangzhi"]
[Black "Li, Yankai"]
[Result "0-1"]
[WhiteTitle "GM"]
[WhiteElo "2730"]
[BlackElo "2456"]
[WhiteTeam "Shandong"]
[BlackTeam "Tianjin"]
[WhiteFideId "8601445"]
[BlackFideId "8609357"]
[EventDate "2017.04.18"]

1. Nf3 Nf6 2. c4 e6 3. g3 d5 4. Bg2 Be7 5. d4 O-O 6. Qc2 c5 7. O-O cxd4 8. Nxd4
Nc6 9. Nxc6 bxc6 10. b3 Ba6 11. Bb2 Rc8 12. Nd2 d4 13. Nf3 c5 14. e3 Bb7 15.
exd4 Bxf3 16. Bxf3 cxd4 17. Qe2 Qb6 18. Rfd1 Rfd8 19. Rd3 Ne8 20. Rc1 h6 21. a3
a5 22. Qe5 Rc5 23. Qe4 f5 24. Qe2 Bg5 25. Re1 e5 26. b4 axb4 27. axb4 Rxc4 28.
Qxe5 Rxb4 29. Bd5+ Kh8 30. h4 Bf6 31. Qxf5 Nd6 32. Qh5 Rxb2 33. Rf3 Rb1 34. Rxf6
Rxe1+ 35. Kg2 Qc7 36. Rxh6+ gxh6 37. Qxh6+ Qh7 38. Qf6+ Qg7 39. Qxd8+ Ne8 40. h5
Qf6 41. Qd7 Re2 42. Bf3 Re7 43. Qb5 Nd6 44. Qd5 Qe5 45. Qa8+ Re8 46. Qa3 Nf5 47.
Qd3 Rg8 48. Kf1 Rc8 49. Kg2 Rc3 50. Qd2 d3 51. Kh3 Rc2 52. Qxd3 Rxf2 53. Bg4 Nh6
54. Bf3 Qf5+ 55. Qxf5 Nxf5 56. Be4 Nd6 57. Bg6 Kg7 58. g4 Kf6 59. Kh4 Rh2+ 60.
Kg3 Rb2 61. Kh4 Rb4 0-1